| 000 | 00682nmc a2200277 a 4500 | ||
|---|---|---|---|
| 003 | AR-BaBNM | ||
| 005 | 20251128203741.0 | ||
| 008 | 236119s1941 ||||||||||||||000 | spa|| | ||
| 040 | _cAR-BaBNM | ||
| 100 | 1 |
_aShaw, Bernard _d1856-1950 |
|
| 245 | 1 | 0 | _aCándida |
| 260 |
_aBuenos Aires _bHachette _c1941 |
||
| 300 | 0 | _a165 p. | |
| 490 | 0 |
_aBiblioteca de bolsillo. Azul _vv. 12 |
|
| 650 | 4 | _aLITERATURA INGLESA | |
| 650 | 4 | _aESCRITORES | |
| 650 | 4 | _aTEATRO | |
| 650 | 4 | _aCULTURA | |
| 650 | 4 | _aREALISMO | |
| 650 | 4 | _aLITERATURA EXTRANJERA | |
| 650 | 4 | _aARTES ESCENICAS | |
| 655 | _aLITERATURA | ||
| 700 | 1 |
_aBaeza, Ricardo _etraductor |
|
| 942 | _cBK | ||
| 998 | _cMARTIN | ||
| 999 |
_c4779 _d4779 |
||